Wybory Prezydenckie 2015 - Statystyki

Ogólne statystyki
  • Ten quiz został rozwiązany 224 razy
  • Średni wynik to 7 z 11
Statystyki odpowiedzi
Partia Poparcie Kandydat % Poprawnych
PiS 34,76% Andrzej Duda
99%
PO 33,77% Bronisław Komorowski
93%
KORWiN 3,26% Janusz Korwin-Mikke
93%
bezpartyjny 20,80% Paweł Kukiz
79%
SLD 2,38% Magdalena Ogórek
61%
Twój Ruch 1,42% Janusz Palikot
55%
bezpartyjny 0,83% Grzegorz Braun
50%
Demokracja Bezpośrednia 0,20% Paweł Tanajno
40%
Ruch Narodowy 0,52% Marian Kowalski
32%
PSL 1,60% Adam Jarubas
27%
KNP 0,46% Jacek Wilk
24%
Nie znaleziono quizów pasujących do podanych kryteriów
Rozkład punktacji
Procent ludzi z każdym wynikiem
Percentyl według liczby udzielonych odpowiedzi
Twoja historia wyników
Nie rozwiązałeś tego quizu